Pricing, distribution, and employment : (Record no. 20191)
[ view plain ]
| 000 -LEADER | |
|---|---|
| fixed length control field | 00711nam a2200241 i 4500 |
| 001 - CONTROL NUMBER | |
| control field | 20191 |
| 003 - CONTROL NUMBER IDENTIFIER | |
| rucl marc code | BD-RjUL |
| 005 - DATE AND TIME OF LATEST TRANSACTION | |
| control field | 20211209000531.0 |
| 008 - FIXED-LENGTH DATA ELEMENTS--GENERAL INFORMATION | |
| fixed length control field | 140227m19601953usud 00100 eng d |
| 035 ## - SYSTEM CONTROL NUMBER | |
| System control number | (BD-RjUL)20253 |
| 040 ## - CATALOGING SOURCE | |
| Original cataloging agency | BD-RjUL |
| Language of cataloging | eng |
| Transcribing agency | BD-RjUL |
| Modifying agency | BD-RjUL |
| 041 ## - LANGUAGE CODE | |
| Language code of text/sound track or separate title | eng |
| 082 ## - DEWEY DECIMAL CLASSIFICATION NUMBER | |
| Classification number | 332.678 |
| Author mark and year | BAP 1960 |
| 100 1# - MAIN ENTRY--PERSONAL NAME | |
| Personal name | Bain, Joe Staten. |
| 9 (RLIN) | 62225 |
| 245 00 - TITLE STATEMENT | |
| Title | Pricing, distribution, and employment : |
| Remainder of title | economics of an enterprise system / |
| Statement of responsibility, etc. | Joe S. Bain |
| 250 ## - EDITION STATEMENT | |
| Edition statement | Rev. ed. |
| 260 ## - PUBLICATION, DISTRIBUTION, ETC. (IMPRINT) | |
| Place of publication, distribution, etc. | New York : |
| Name of publisher, distributor, etc. | Holt, Rinehart and Winston, |
| Date of publication, distribution, etc. | c1953,1960 |
| 300 ## - PHYSICAL DESCRIPTION | |
| Pagination | xvii, 732p. : |
| Illustrations | diagrs. |
| Size | 24 cm. |
| 650 #0 - SUBJECT ADDED ENTRY--TOPICAL TERM | |
| Topical term or geographic name as entry element | Investments. |
| 9 (RLIN) | 62226 |
| Topical term or geographic name as entry element | Income. |
| 9 (RLIN) | 62227 |
| 942 ## - ADDED ENTRY ELEMENTS (KOHA) | |
| Source of classification or shelving scheme | Dewey Decimal Classification |
| Koha item type | Books |
| Lost status | Source of classification or shelving scheme | Damaged status | Not for loan | Collection code | Permanent Location | Current Location | Shelving location | Date acquired | Source of acquisition | Cost, normal purchase price | Total Checkouts | Full call number | Date last seen | Copy number | Koha item type |
|---|---|---|---|---|---|---|---|---|---|---|---|---|---|---|---|
| Dewey Decimal Classification | Non-fiction | Central Library, University of Rajshahi | Central Library, University of Rajshahi | 11/11/1965 | Zeitlinger | 52.00 | 332.678 BAP 1960 | 27/02/2014 | C-9 | Books | |||||
| Dewey Decimal Classification | Non-fiction | Central Library, University of Rajshahi | Central Library, University of Rajshahi | 11/11/1965 | zeitlinger | 52.00 | 332.678 BAP 1960 | 05/05/2019 | C-8 | Books | |||||
| Dewey Decimal Classification | Non-fiction | Central Library, University of Rajshahi | Central Library, University of Rajshahi | 11/11/1965 | zeitlinger | 52.00 | 332.678 BAP 1960 | 05/05/2019 | C-10 | Books | |||||
| Dewey Decimal Classification | Not For Loan | Non-fiction | Central Library, University of Rajshahi | Central Library, University of Rajshahi | Reading Room | 26/01/1963 | Zeitlinger | 72.00 | 332.678 BAP 1960 | 06/05/2019 | C-1 | Books | |||
| Dewey Decimal Classification | Non-fiction | Central Library, University of Rajshahi | Central Library, University of Rajshahi | 26/01/1963 | Zeitlinger | 72.00 | 332.678 BAP 1960 | 15/05/2019 | C-2 | Books |